| 000 | 01315cam a2200349 a 4500 | ||
|---|---|---|---|
| 001 | 14053 | ||
| 003 | BD-RjUL | ||
| 005 | 20211208235550.0 | ||
| 008 | 140205s1982 nyua b 101 0 eng | ||
| 020 | _a0471869112 : | ||
| 035 | _a(BD-RjUL)14105 | ||
| 040 |
_aDLC _cDLC _dDLC _dBD-RjUL _beng |
||
| 041 | _aeng | ||
| 060 | _aQZ 206 C7485s 1981 | ||
| 082 | 0 | 0 |
_a610.72 _219 _bSTA 1982 |
| 245 | 0 | 0 |
_aStatistics in medical research : _bmethods and issues, with applications in cancer research / _cedited by Valerie Miké, Kenneth E. Stanley. |
| 260 |
_aNew York : _bWiley, _cc1982. |
||
| 300 |
_axxi, 551 p. : _bill. ; _c24 cm. |
||
| 504 | _aIncludes bibliographical references and index. | ||
| 650 | 0 |
_aMedicine _xResearch _xStatistical methods _xCongresses. _943927 |
|
| 650 | 0 |
_aCancer _xResearch _xStatistical methods _xCongresses. _943928 |
|
| 650 | 0 |
_aBiometry _xCongresses. _943929 |
|
| 650 | 2 |
_aBiometry _xMethods _xCongresses. _943930 |
|
| 650 | 2 |
_aNeoplasms _xCongresses. _943931 |
|
| 650 | 2 |
_aResearch _xCongresses. _943932 |
|
| 700 | 1 |
_aMiké, Valerie, _d1934- _943933 |
|
| 700 | 1 |
_aStanley, K. E. _q(Kenneth E.) _943934 |
|
| 942 |
_2ddc _cBK |
||
| 999 |
_c14053 _d14053 |
||